000 00695nam a2200229 i 4500
001 C2-0137677
003 PPAK
005 20180727124330.0
008 971217s xx |||| ||||| | eng d
040 _aPPAK
_beng
_cPPAK
_erda
082 0 4 _a899.23
_223
090 0 0 _a899.23
_bISM
_dKK
100 0 _aIsmail Hussein,
_eauthor
245 1 4 _aThe study of traditional Malay literature
264 1 _a[place of publication not identified] :
_b[publisher not identified] ,
_c[date of publication not identified]
300 _a[24 pages] ;
_c25 cm
336 _2rdacontent
_atext
337 _2rdamedia
_aunmediated
338 _2rdacarrier
_avolume
650 1 0 _aMalay literature
942 _ddc
_cB
999 _c43062
_d43062